Score 0/25 Timer 05:00
8 Plays Today
% Correct
Sicily
94.6%
Cyprus
91.2%
Crete
90.1%
Corsica
89.6%
Majorca
81.6%
Malta
80.5%
Sardinia
80.3%
Minorca
75.3%
Rhodes
62.8%
Ibiza
61.6%
Naxos
50%
Elba
44%
Thassos
41%
% Correct
Korčula
39.9%
Chios
39.1%
Euboea
33.3%
Vulcano
30.2%
Kefalonia
29.8%
Lesbos
28.3%
Corfu
28%
Pantelleria
24.7%
Djerba
22.9%
Brač
22.8%
Cres
17.2%
Karpathos
13.5%
Remove Ads.
Support Sporcle.
Get the best of Sporcle when you Go Orange. This ad-free experience offers more features, more stats, and more fun while also helping to support Sporcle. Thank you for becoming a member.

You're not logged in!

Compare scores with friends on all Sporcle quizzes.
OR
Log In

Show Comments

Extras

Top Quizzes Today


Score Distribution

Your Account Isn't Verified!

In order to create a playlist on Sporcle, you need to verify the email address you used during registration. Go to your Sporcle Settings to finish the process.

Report this User

Report this user for behavior that violates our Community Guidelines.

Details: